Red renel in India: A study of communist strategy and tactics (Record no. 1352415)

MARC details
000 -LEADER
fixed length control field 00571nam a2200193Ia 4500
005 - DATE AND TIME OF LATEST TRANSACTION
control field 20250508154834.0
008 - FIXED-LENGTH DATA ELEMENTS--GENERAL INFORMATION
fixed length control field 008 250505s9999 xx 000 0 eng d
037 ## - SOURCE OF ACQUISITION
Stock number Textual
040 ## - CATALOGING SOURCE
Original cataloging agency FEDL
Language of cataloging eng
Transcribing agency FEDL
041 ## - LANGUAGE CODE
Language code of text/sound track or separate title eng
Source of code eng
084 ## - COLON CLASSIFICATION NUMBER
Classification number 329.954, SIN
Assigning agency FEDL
100 ## - MAIN ENTRY--PERSONAL NAME
Personal name Sinha V. B.
9 (RLIN) 106097
245 #0 - TITLE STATEMENT
Title Red renel in India: A study of communist strategy and tactics
260 ## - PUBLICATION, DISTRIBUTION, ETC.
Place of publication, distribution, etc. New Delhi, India
Name of publisher, distributor, etc. Associated Publishing House
Date of publication, distribution, etc. 1968
300 ## - PHYSICAL DESCRIPTION
Extent 262p
650 ## - SUBJECT ADDED ENTRY--TOPICAL TERM
Topical term or geographic name entry element Economics
942 ## - ADDED ENTRY ELEMENTS (KOHA)
Koha item type Textual
Classification part 329.954, SIN
Holdings
Withdrawn status Lost status Damaged status Not for loan Home library Current library Date acquired Total Checkouts Full call number Barcode Date last seen Price effective from Koha item type
        Department of Education Library Department of Education Library 2025-05-08   329.954, SIN EL0036706 2025-05-08 2025-05-08 Textual
Copyright @ Delhi University Library System